[Event "5th Classic Open 2013"]
[Site "London ENG"]
[Date "2013.12.11"]
[Round "5.30"]
[White "Sowray, Peter J"]
[Black "Tsifanskaya, Ludmila A"]
[Result "1-0"]
[WhiteTitle "FM"]
[BlackTitle "WIM"]
[WhiteElo "2326"]
[BlackElo "2093"]
[WhiteFideId "400971"]
[BlackFideId "2802368"]
[EventDate "2013.12.07"]

1. d4 d5 2. c4 dxc4 3. e3 Nf6 4. Bxc4 e6 5. Nf3 c5 6. O-O a6 7. Bd3 Nc6 8. Nc3
Be7 9. a3 O-O 10. dxc5 Bxc5 11. b4 Be7 12. Bb2 Qc7 13. Qc2 h6 14. Rac1 Rd8 15.
Qe2 Ng4 16. Ne4 f5 17. Ng3 Bf6 18. Bc4 Kh8 19. Rfd1 Rxd1+ 20. Rxd1 Bd7 21. Bb3
Re8 22. Nh5 Bxb2 23. Qxb2 Bc8 24. h3 Nge5 25. Nd4 Nxd4 26. Qxd4 Nc6 27. Qc3 e5
28. Qc5 Kh7 29. Ng3 Qe7 30. Rd6 g6 31. Ne2 Qg5 32. Nc3 Rd8 33. Qc4 Rf8 34. Kh2
e4 35. Qc5 Rd8 36. Qd5 Rf8 37. Ne2 Qe7 38. Nf4 Qe5 39. Qxe5 Nxe5 40. Bd5 Re8 41.
Nxg6 Nxg6 42. Bf7 Re7 43. Bxg6+ Kg7 44. Kg3 Re6 45. Rxe6 Bxe6 46. Bh5 Kf6 47.
Kf4 Bc4 48. Be8 Be6 49. g4 fxg4 50. hxg4 1-0

[Event "5th Classic Open 2013"]
[Site "London ENG"]
[Date "2013.12.11"]
[Round "5.31"]
[White "Williamson, Roger G"]
[Black "Gislason, Gudmundur"]
[Result "0-1"]
[BlackTitle "FM"]
[WhiteElo "2150"]
[BlackElo "2318"]
[WhiteFideId "414620"]
[BlackFideId "2300559"]
[EventDate "2013.12.07"]

1. d4 g6 2. c4 Bg7 3. Nc3 d6 4. e4 c5 5. d5 Nf6 6. h3 O-O 7. Bd3 Na6 8. Nf3 Nc7
9. O-O e5 10. g4 Bd7 11. a3 h5 12. Nh2 Nh7 13. Kg2 hxg4 14. hxg4 Ne8 15. Rb1 Ng5
16. Be3 Bh6 17. Qd2 Qe7 18. f3 Qf6 19. b4 b6 20. a4 cxb4 21. Rxb4 Nc7 22. a5 Na6
23. Rb2 bxa5 24. Rb7 Bc8 25. Rb5 Nc5 26. Be2 Bd7 27. Rxc5 dxc5 28. d6 Bc6 29. d7
Rfd8 30. Nd5 Bxd5 31. cxd5 Rxd7 32. Bb5 Rdd8 33. Bc6 Rab8 34. Qc3 Bf8 35. f4
Nxe4 36. Qc2 Nd6 37. Rf2 exf4 38. Bxf4 Qd4 39. g5 Rb4 40. Ng4 Bg7 41. Qe2 Nf5
42. Ne5 Qc3 0-1

[Event "5th Classic Open 2013"]
[Site "London ENG"]
[Date "2013.12.11"]
[Round "5.32"]
[White "Franklin, Samuel G A"]
[Black "Sellmair, Reinhard"]
[Result "1-0"]
[WhiteTitle "FM"]
[WhiteElo "2306"]
[BlackElo "1988"]
[WhiteFideId "468576"]
[BlackFideId "12946990"]
[EventDate "2013.12.07"]

1. e4 e6 2. d4 d5 3. Nc3 Bb4 4. e5 c5 5. a3 Bxc3+ 6. bxc3 Ne7 7. Qg4 O-O 8. Bd3
Nbc6 9. Qh5 Ng6 10. Nf3 Qc7 11. Be3 c4 12. Bxg6 fxg6 13. Qg4 Bd7 14. h4 Rf5 15.
Kd2 Raf8 16. Ng1 b5 17. Ne2 Ne7 18. f3 h6 19. f4 Kh7 20. Qh3 h5 21. g4 hxg4 22.
Qxg4 Rh8 23. h5 Rxh5 24. Rag1 Kg8 25. Rxh5 Rxh5 26. f5 exf5 27. Qg2 Be8 28. Nf4
Rh7 29. Nxd5 Qd7 30. Nxe7+ Qxe7 31. Qd5+ Kf8 32. Rg2 Qxa3 33. e6 Rh1 34. e7+
Qxe7 35. Re2 Qe4 36. Qd6+ Qe7 37. Bf4 Qxd6 38. Bxd6+ Kf7 39. Re7+ Kf6 40. Rxe8
g5 41. Be5+ Kf7 42. Ra8 Ke6 43. Rxa7 g6 44. Ra6+ Kd5 45. Rxg6 g4 46. Bc7 Ke4 47.
Re6+ Kf3 48. Re3+ Kg2 49. d5 Rh7 50. Bf4 Kf2 51. d6 1-0

[Event "5th Classic Open 2013"]
[Site "London ENG"]
[Date "2013.12.11"]
[Round "5.33"]
[White "Farrand, Tom"]
[Black "Osborne, Marcus E"]
[Result "1-0"]
[WhiteElo "2149"]
[BlackElo "2286"]
[WhiteFideId "406457"]
[BlackFideId "404608"]
[EventDate "2013.12.07"]

1. d4 e6 2. e4 d5 3. Nc3 Nf6 4. Bg5 Bb4 5. exd5 Qxd5 6. Bxf6 Bxc3+ 7. bxc3 gxf6
8. Qd2 Qe4+ 9. Ne2 b6 10. f3 Qf5 11. Ng3 Qa5 12. Bd3 Bb7 13. c4 Nc6 14. d5 exd5
15. Qxa5 Nxa5 16. cxd5 Bxd5 17. Nh5 Ke7 18. Kf2 Rad8 19. Rhe1+ Be6 20. f4 f5 21.
Bxf5 Rd2+ 22. Kg1 Rg8 23. Ng3 Nc4 24. Bxh7 Rh8 25. Bd3 Kd7 26. Ne4 Rxd3 27. cxd3
Nb2 28. Rab1 Na4 29. Rb4 Nc5 30. Nxc5+ bxc5 31. Ra4 Rb8 32. Re2 Rb7 33. Kf2 Kc6
34. h3 Bd5 35. Rc2 Kb5 36. Ra3 Kb4 37. Rac3 Bxa2 38. Rxc5 Bb3 39. Rxc7 Rb5 40.
Rb2 a5 41. Rxf7 Ka3 42. Rxb3+ Kxb3 43. g4 a4 44. g5 a3 45. Ra7 Rb4 46. Rxa3+
Kxa3 47. Ke3 Rb1 48. f5 Rf1 49. Ke4 Kb4 50. g6 Rg1 51. Ke5 Kc3 52. h4 Kxd3 53.
h5 Re1+ 54. Kf6 Ke4 55. g7 Rg1 56. h6 1-0

[Event "5th Classic Open 2013"]
[Site "London ENG"]
[Date "2013.12.11"]
[Round "5.34"]
[White "Carr, Neil L"]
[Black "Shepley, Julien M"]
[Result "1-0"]
[WhiteTitle "FM"]
[WhiteElo "2275"]
[BlackElo "1986"]
[WhiteFideId "401048"]
[BlackFideId "403210"]
[EventDate "2013.12.07"]

1. e4 d6 2. d4 Nf6 3. Bd3 Nc6 4. c3 e5 5. Nf3 g6 6. h3 Bg7 7. Be3 O-O 8. Nbd2
Re8 9. d5 Ne7 10. c4 Nd7 11. g4 f5 12. gxf5 gxf5 13. exf5 Nc5 14. Bxc5 dxc5 15.
Qc2 e4 16. Bxe4 Nxf5 17. O-O-O Qf6 18. Rhg1 Kh8 19. Bd3 Bd7 20. Ne4 Rxe4 21.
Bxe4 Nd6 22. Rxg7 Qxg7 23. Rg1 Qh6+ 24. Ng5 Nxe4 25. Qxe4 Rf8 26. f4 Bf5 27. Qe7
Qd6 28. Qe5+ Qxe5 29. fxe5 h6 30. Ne6 Re8 31. Nxc7 Rxe5 32. Kd2 Re4 33. b3 Rd4+
34. Ke3 Re4+ 35. Kf3 Re7 36. Nb5 b6 37. h4 h5 38. Rg5 Bg4+ 39. Kf4 a6 40. Nd6
Kh7 41. Re5 Rg7 42. Ne8 Rf7+ 43. Kg5 b5 44. d6 bxc4 45. bxc4 1-0

[Event "5th Classic Open 2013"]
[Site "London ENG"]
[Date "2013.12.11"]
[Round "5.35"]
[White "Hamitevici, Vladimir"]
[Black "Lee, Kai Jie Edward"]
[Result "0-1"]
[WhiteTitle "IM"]
[WhiteElo "2508"]
[BlackElo "2145"]
[WhiteFideId "13902393"]
[BlackFideId "5802920"]
[EventDate "2013.12.07"]

1. d4 Nf6 2. c4 e6 3. Nc3 Bb4 4. e3 O-O 5. Bd3 d5 6. Nf3 c5 7. O-O dxc4 8. Bxc4
Nbd7 9. a3 cxd4 10. exd4 Bxc3 11. bxc3 Qc7 12. Qe2 b6 13. Bd2 Bb7 14. Bd3 Rfe8
15. Rfe1 Rac8 16. Rac1 Qb8 17. Ne5 Nxe5 18. dxe5 Nd7 19. Qh5 f5 20. exf6 Nxf6
21. Qh3 e5 22. Bf5 Rc6 23. Bg5 Bc8 24. Qf3 Qc7 25. Bxf6 Rxf6 26. Bxh7+ Kf7 27.
Qh5+ g6 28. Qh6 Qc5 29. Re3 e4 30. Rd1 Bg4 31. Rd4 g5 32. Bg8+ Rxg8 33. Qh7+ Rg7
34. Qxe4 Be6 35. Rd8 Qf5 36. f3 Qxe4 37. Rxe4 Kg6 38. h4 Rc7 39. hxg5 Kxg5 40.
Re8 Bf5 41. R4e5 Rxc3 42. g4 Rxf3 43. gxf5 Rxa3 44. Kg2 Rxf5 45. Re2 Kg6 46.
R2e6+ Rf6 47. Re5 a6 48. Rg8+ Kf7 49. Rb8 b5 50. Rb7+ Kg6 51. Rc5 Rf5 52. Rc6+
Kg5 53. Ra7 a5 54. Rg7+ Kf4 55. Rc2 b4 56. Kf2 Ke4+ 57. Ke1 Re3+ 58. Kd2 Rf2+
59. Kc1 Rxc2+ 60. Kxc2 Kd4 61. Ra7 Ra3 62. Kb2 Kc4 63. Ra8 Kb5 64. Rb8+ Ka4 65.
Rh8 Rb3+ 66. Ka2 Rg3 67. Rh2 b3+ 68. Kb2 Rg4 69. Rh1 Rg2+ 70. Kb1 Ka3 71. Rf1 a4
72. Rh1 Rg4 73. Rf1 Kb4 74. Re1 a3 75. Rh1 a2+ 76. Kb2 Rg2+ 77. Ka1 Ka3 0-1

[Event "5th Classic Open 2013"]
[Site "London ENG"]
[Date "2013.12.11"]
[Round "5.36"]
[White "Sathyanandha, Saravanan"]
[Black "Zhou, Yang-Fan"]
[Result "1/2-1/2"]
[BlackTitle "IM"]
[WhiteElo "2144"]
[BlackElo "2483"]
[WhiteFideId "470929"]
[BlackFideId "468584"]
[EventDate "2013.12.07"]

1. e4 c5 2. c3 d5 3. exd5 Qxd5 4. d4 Nc6 5. Nf3 Bf5 6. Be3 Nf6 7. Na3 cxd4 8.
Bc4 Qa5 9. Nxd4 O-O-O 10. O-O e5 11. Nxc6 bxc6 12. Qe2 Bxa3 13. Ba6+ Kb8 14.
bxa3 Rd7 15. Qc4 Kc7 16. Qc5 Qxc5 17. Bxc5 Bd3 18. Bxd3 Rxd3 19. Bxa7 Ra8 20.
Be3 Rxa3 21. Rfb1 Nd5 22. Bc5 Raxc3 23. Bf8 g5 24. a4 Rc2 25. a5 Rdd2 26. a6 Ra2
27. Bc5 Nc3 28. Re1 f6 29. Bb4 Rxa1 30. Rxa1 Rd1+ 31. Rxd1 Nxd1 32. Be7 f5 33.
Bxg5 Nb2 34. Bd8+ Kb8 35. Bb6 Na4 36. Be3 c5 37. f4 exf4 38. Bxf4+ Ka7 39. h3 c4
40. Kf1 Nc3 41. g4 Nd5 42. Bd2 fxg4 43. hxg4 Nf6 44. g5 Ne4 45. Bc1 Kxa6 46. Ke2
Kb5 47. Kf3 Nc5 48. Bd2 Kc6 49. Kg4 Ne4 50. Be1 Kd5 51. Kh5 Kd4 52. Kh6 Kd3 53.
Ba5 Kc2 54. Bb4 Kb3 55. Ba5 Ka4 56. Be1 Kb5 57. Kxh7 Nxg5+ 58. Kg6 Ne4 59. Kf5
Nc5 60. Kg4 Ka4 61. Kf3 Kb3 62. Ke2 Nd3 63. Bd2 c3 64. Bxc3 1/2-1/2

[Event "5th Classic Open 2013"]
[Site "London ENG"]
[Date "2013.12.11"]
[Round "5.37"]
[White "Kiik, Kalle"]
[Black "Tozer, Philip A A"]
[Result "1-0"]
[WhiteTitle "IM"]
[WhiteElo "2435"]
[BlackElo "2141"]
[WhiteFideId "4500075"]
[BlackFideId "419982"]
[EventDate "2013.12.07"]

1. Nf3 e6 2. g3 f5 3. Bg2 Nf6 4. O-O d5 5. d3 Nc6 6. Nbd2 Bc5 7. c3 O-O 8. b4
Bd6 9. b5 Ne5 10. Bb2 c5 11. Nxe5 Bxe5 12. e4 dxe4 13. dxe4 Qd3 14. exf5 Qxb5
15. Rb1 Qd3 16. Nf3 Qxf5 17. Nxe5 Qxe5 18. c4 Qf5 19. f4 Rf7 20. Qe2 Bd7 21.
Bxb7 Re8 22. Be5 Ba4 23. Rfc1 Rd8 24. Bg2 Rfd7 25. Bc3 Rd3 26. Ba5 R8d7 27. Re1
Kf7 28. Bb7 Bc2 29. Rb2 Bd1 30. Qe5 Bf3 31. Bc8 Qxe5 32. fxe5 1-0

[Event "5th Classic Open 2013"]
[Site "London ENG"]
[Date "2013.12.11"]
[Round "5.38"]
[White "Quinn, John M"]
[Black "Fernandez, Daniel Howard"]
[Result "1/2-1/2"]
[BlackTitle "IM"]
[WhiteElo "2130"]
[BlackElo "2381"]
[WhiteFideId "405043"]
[BlackFideId "5801605"]
[EventDate "2013.12.07"]

1. d4 g6 2. c4 Bg7 3. Nf3 d6 4. Nc3 e5 5. g3 Nc6 6. dxe5 Nxe5 7. Nxe5 Bxe5 8.
Qb3 Ne7 9. Bg2 O-O 10. Bg5 c6 11. e4 Qc7 12. O-O Be6 13. Rac1 Rfe8 14. Nd5 Nxd5
15. cxd5 Bd7 16. Kh1 Qb6 17. Qa4 Qd4 18. Qa5 cxd5 19. Rc7 b6 20. Qa6 Qa4 21. Qb7
Rab8 22. Qxd5 Be6 23. Qd2 Qxa2 24. f4 Bg7 25. f5 Rbc8 26. Rxc8 Bxc8 27. f6 Bf8
28. Bh6 Qa5 29. b4 Qh5 30. Bxf8 Rxf8 31. Qxd6 Bh3 32. Bxh3 Qxh3 33. Rd1 Re8 34.
Qf4 h6 35. e5 g5 36. Qe4 Qe6 37. Re1 Rd8 38. Kg2 Rd2+ 39. Re2 Qd5 40. Qxd5 Rxd5
41. Kf3 Rb5 42. Re4 a5 43. bxa5 bxa5 44. e6 fxe6 45. Rxe6 Rb4 46. Re7 g4+ 47.
Ke3 a4 48. Ra7 h5 49. Kd3 Kf8 50. Kc3 Rb6 51. Rxa4 Kf7 52. Rf4 Rb5 53. Rf2 Rb6 1/2-1/2

[Event "5th Classic Open 2013"]
[Site "London ENG"]
[Date "2013.12.11"]
[Round "5.39"]
[White "Maduekwe, Chiedu"]
[Black "Ortega Ruiz, Jose Miguel"]
[Result "1-0"]
[BlackTitle "FM"]
[WhiteElo "2126"]
[BlackElo "2366"]
[WhiteFideId "8500118"]
[BlackFideId "2209713"]
[EventDate "2013.12.07"]

1. d4 Nf6 2. c4 g6 3. Nc3 Bg7 4. e4 d6 5. f3 O-O 6. Be3 e5 7. Nge2 c6 8. Qd2 a6
9. a4 a5 10. g3 Qe7 11. Bg2 exd4 12. Nxd4 Re8 13. O-O d5 14. cxd5 cxd5 15. Rae1
dxe4 16. fxe4 Ng4 17. Nd5 Qe5 18. Nf3 Qd6 19. Bf4 Qc5+ 20. Kh1 Nc6 21. Rc1 Qa7
22. Nc7 Be6 23. Nxa8 Rxa8 24. h3 Nge5 25. Nxe5 Nxe5 26. Rfd1 Qb6 27. Qd6 Nc6 28.
e5 Bf8 29. Qd2 Nb4 30. Be3 Qa6 31. Bf1 Bd5+ 32. Kh2 Qe6 33. Bg2 Bb3 34. Rf1 Qxe5
35. Bf4 Qe8 36. Bg5 Qxa4 37. Rc7 Re8 38. Qf2 Qa2 39. Rxb7 Bc4 40. Re1 Be6 41.
Re2 Qc4 42. Rd2 h6 43. Bf6 Bc5 44. Qe2 Qxe2 45. Rxe2 Rc8 46. Rd2 Be3 47. Rd8+
Rxd8 48. Bxd8 Bd4 49. Bxa5 Na2 50. Bd2 g5 51. Be4 Kg7 52. Bb1 Kf6 53. Rb5 1-0

[Event "5th Classic Open 2013"]
[Site "London ENG"]
[Date "2013.12.11"]
[Round "5.41"]
[White "Hebbes, Tim"]
[Black "Roe, Simon J"]
[Result "0-1"]
[WhiteElo "2104"]
[BlackElo "2263"]
[WhiteFideId "406570"]
[BlackFideId "401471"]
[EventDate "2013.12.07"]

1. e4 c5 2. c3 d5 3. exd5 Qxd5 4. d4 e6 5. Nf3 Nf6 6. Be2 Be7 7. O-O O-O 8. Na3
Qd8 9. Nc4 Nc6 10. dxc5 Qxd1 11. Rxd1 Bxc5 12. b4 Be7 13. Bb2 Nd5 14. b5 Nb8 15.
Nce5 f6 16. Nd3 Nd7 17. a4 N7b6 18. Nd2 e5 19. a5 Nd7 20. c4 Nc7 21. Bf3 Rb8 22.
Nb3 Kh8 23. Bc3 Re8 24. Nb4 Ne6 25. Nd5 Bf8 26. Bg4 Ndc5 27. Nxc5 Nxc5 28. Be2
Bf5 29. Bb4 Nb3 30. Bxf8 Nxa1 31. Bd6 Nb3 32. Bxb8 Rxb8 33. b6 a6 34. Ne7 Be4
35. f3 Bc2 36. Rd5 g6 37. c5 Nxa5 38. Rd2 Bf5 39. Ra2 Nb3 40. c6 bxc6 41. Nxf5
gxf5 42. Bc4 Nc5 43. Ra5 Nd7 44. Rxa6 Nxb6 45. Be6 f4 46. Ra7 Nd5 47. h4 Ne3 48.
h5 h6 49. Rc7 Rb2 50. Rc8+ Kg7 51. Rg8+ Kh7 52. Rg6 c5 53. Bh3 Rb6 54. Kf2 c4
55. g3 c3 56. gxf4 exf4 57. Rg1 Rb2+ 0-1

[Event "5th Classic Open 2013"]
[Site "London ENG"]
[Date "2013.12.11"]
[Round "5.42"]
[White "Coleman, David J"]
[Black "Compton, Alistair"]
[Result "1/2-1/2"]
[WhiteTitle "CM"]
[WhiteElo "2257"]
[BlackElo "2101"]
[WhiteFideId "402087"]
[BlackFideId "4300645"]
[EventDate "2013.12.07"]

1. e4 e6 2. d4 d5 3. Nc3 Bb4 4. e5 c5 5. a3 Bxc3+ 6. bxc3 Ne7 7. Qg4 Qc7 8. Bd3
cxd4 9. Ne2 dxc3 10. Qxg7 Rg8 11. Qxh7 Qxe5 12. h4 Rxg2 13. Kf1 Rg8 14. Bg5 Qh8
15. Qxh8 Rxh8 16. Bf6 Rg8 17. f4 Nd7 18. Bxc3 f6 19. h5 Kf7 20. Bb4 b6 21. Bg6+
Nxg6 22. hxg6+ Rxg6 23. f5 exf5 24. Nf4 Rg4 25. Nxd5 Bb7 26. Rd1 Ne5 27. Rh7+
Rg7 28. Rxg7+ Kxg7 29. Nc7 Rc8 30. Ne6+ Kf7 31. Nd8+ Kg6 32. Nxb7 Rxc2 33. Rd2
Rc1+ 34. Ke2 a5 35. Bd6 Nc4 36. Rd1 Rxd1 37. Kxd1 f4 38. Ke2 Kf5 39. Bc7 Nxa3
40. Bxb6 Nc4 1/2-1/2

[Event "5th Classic Open 2013"]
[Site "London ENG"]
[Date "2013.12.11"]
[Round "5.44"]
[White "Grove, Michael"]
[Black "Stephan, Axel"]
[Result "1-0"]
[WhiteElo "2091"]
[BlackElo "2250"]
[WhiteFideId "2403943"]
[BlackFideId "4632834"]
[EventDate "2013.12.07"]

1. e4 c5 2. Nc3 e6 3. Nf3 a6 4. d4 cxd4 5. Nxd4 Qc7 6. Bd3 b5 7. O-O Nf6 8. Qe2
d6 9. a4 b4 10. Na2 e5 11. Nb3 Nc6 12. Bd2 Qb7 13. Bc4 Be7 14. c3 bxc3 15. Nxc3
O-O 16. Nd5 Nxd5 17. Bxd5 Qd7 18. Na5 Nd4 19. Qd3 Rb8 20. b4 Bd8 21. Nb3 Ne6 22.
Rfc1 Nf4 23. Bxf4 exf4 24. b5 axb5 25. axb5 Bb6 26. Rc6 Qe7 27. Rxd6 Kh8 28. Bc6
Be6 29. Rd1 Bg4 30. Rd2 f3 31. h3 Bh5 32. g4 Qh4 33. Qxf3 Bg6 34. Nd4 h5 35. Nf5
Bxf5 36. exf5 hxg4 37. Qxg4 Qe7 38. Kg2 Rfd8 39. Rd7 Rxd7 40. Rxd7 Qf6 41. Qh5+
Kg8 42. Bd5 Rf8 43. h4 Bc5 44. Bc4 Be7 45. Bd5 Rd8 46. Rxd8+ Bxd8 47. Qg6 Kf8
48. Qxf6 Bxf6 49. b6 Be5 50. Kf3 f6 51. Kg4 Bd4 52. b7 Be5 53. Kh5 Bd6 54. Kg6
Be5 55. h5 Bf4 56. Be4 Be5 57. h6 gxh6 58. f4 Bxf4 59. Kxf6 h5 60. Bc6 h4 61.
Bg2 Bb8 62. Ke6 Bg3 63. Kd7 Kf7 64. Kc8 Kf6 65. Bh3 1-0

[Event "5th Classic Open 2013"]
[Site "London ENG"]
[Date "2013.12.11"]
[Round "5.45"]
[White "Ledger, Dave J"]
[Black "Villiers, Thomas"]
[Result "1-0"]
[WhiteTitle "FM"]
[WhiteElo "2246"]
[BlackElo "2078"]
[WhiteFideId "401986"]
[BlackFideId "427209"]
[EventDate "2013.12.07"]

1. e4 d5 2. exd5 Qxd5 3. Nc3 Qa5 4. Bc4 Nf6 5. d3 c6 6. Qe2 Bf5 7. Bd2 Nbd7 8.
Nb5 Qxb5 9. Bxb5 cxb5 10. Nf3 a6 11. h3 e6 12. O-O Bd6 13. Nd4 O-O 14. Nxf5 exf5
15. Qf3 Rac8 16. Rac1 b6 17. Qxf5 Rc5 18. Qf3 a5 19. b4 Rc7 20. bxa5 bxa5 21.
Bxa5 Ra7 22. Bd2 Rxa2 23. g4 Ne5 24. Qe2 Re8 25. Rfe1 Ba3 26. Ra1 Rxa1 27. Rxa1
Bc5 28. Be3 Nc6 29. Qf3 Nd4 30. Bxd4 Bxd4 31. Ra8 Kf8 32. Rxe8+ Nxe8 33. Qd5 Bf6
34. Qc5+ Be7 35. Qxb5 f6 36. c4 Nd6 37. Qd7 Ne8 38. d4 g6 39. c5 h6 40. Qc8 Kf7
41. d5 Ng7 42. d6 1-0

[Event "5th Classic Open 2013"]
[Site "London ENG"]
[Date "2013.12.11"]
[Round "5.46"]
[White "Britton, Richard L"]
[Black "Burke, John S"]
[Result "1-0"]
[WhiteTitle "FM"]
[WhiteElo "2231"]
[BlackElo "2045"]
[WhiteFideId "401692"]
[BlackFideId "404322"]
[EventDate "2013.12.07"]

1. e4 Nc6 2. Nf3 d6 3. d4 g6 4. Nc3 Bg7 5. Be3 Nf6 6. Qd2 Ng4 7. Bg5 h6 8. Bh4
Nf6 9. d5 Nb8 10. Be2 Nbd7 11. Nd4 Nc5 12. f3 e5 13. dxe6 Nxe6 14. Bf2 a6 15.
O-O-O Nxd4 16. Bxd4 O-O 17. Be3 Kh7 18. g4 b5 19. h4 b4 20. Nb1 Nd7 21. Bd4 Bxd4
22. Qxd4 a5 23. f4 Qf6 24. Qe3 Qe6 25. h5 g5 26. e5 Bb7 27. Bd3+ Kh8 28. Bf5 Qe7
29. Rhf1 Nc5 30. Rfe1 dxe5 31. Qxe5+ Qxe5 32. Rxe5 Na6 33. fxg5 hxg5 34. Rxa5
Rad8 35. Rxd8 Rxd8 36. Bd3 f6 37. Bxa6 Ra8 38. Bxb7 Rxa5 39. Be4 Rxa2 40. b3 Kg7
41. Nd2 Ra1+ 42. Kb2 Re1 43. Bf5 Re2 44. Ne4 Re3 45. Kc1 Rh3 46. Nc5 Rc3 47.
Ne6+ Kh6 48. Bd3 Rc6 49. Nd4 Rc5 50. Bg6 1-0

[Event "5th Classic Open 2013"]
[Site "London ENG"]
[Date "2013.12.11"]
[Round "5.47"]
[White "Ditmas, Hugh"]
[Black "Bird, Andrew"]
[Result "0-1"]
[WhiteElo "2034"]
[BlackElo "2229"]
[WhiteFideId "1270666"]
[BlackFideId "3204502"]
[EventDate "2013.12.07"]

1. d4 d5 2. c4 c6 3. Nf3 Nf6 4. Nc3 dxc4 5. a4 Bf5 6. Ne5 Na6 7. e3 Nb4 8. Bxc4
e6 9. O-O Bd6 10. f4 O-O 11. Bd2 c5 12. g4 Bc2 13. Qe2 cxd4 14. Nb5 d3 15. Nxd3
Bxd3 16. Bxd3 Nxd3 17. Qxd3 Bc5 18. Nd4 Bxd4 19. exd4 Nxg4 20. Bc3 Qh4 21. Qe2
Nh6 22. Kh1 Nf5 23. Qf3 Rad8 24. Rad1 Rd5 25. Rg1 Rc8 26. Rg4 Qd8 27. Rdg1 Qd7
28. h4 g6 29. h5 Ne7 30. hxg6 Rh5+ 31. Kg2 fxg6 32. Kf1 Qd5 33. Qe3 Nf5 34. Qe2
Rh3 0-1

[Event "5th Classic Open 2013"]
[Site "London ENG"]
[Date "2013.12.11"]
[Round "5.48"]
[White "Taylor, Peter P"]
[Black "Prior, Stephen C V"]
[Result "1-0"]
[WhiteElo "2222"]
[BlackElo "2031"]
[WhiteFideId "402478"]
[BlackFideId "423378"]
[EventDate "2013.12.07"]

1. c4 e5 2. g3 f5 3. d4 exd4 4. Qxd4 Nc6 5. Qd1 Nf6 6. Bg2 Bb4+ 7. Bd2 a5 8. a3
Bc5 9. Nc3 Ne5 10. b3 Qe7 11. Bc1 c6 12. Nh3 O-O 13. O-O d6 14. Bb2 Ne4 15. Na4
Ba7 16. Bd4 c5 17. Bb2 Bd7 18. Nc3 Bc6 19. a4 Rae8 20. Nf4 Ng4 21. Ncd5 Qf7 22.
f3 g5 23. fxg4 gxf4 24. Rxf4 Bxd5 25. Rxf5 Qe6 26. Qxd5 Rxf5 27. Qxe6+ Rxe6 28.
gxf5 Re8 29. Rd1 Bb8 30. Bxe4 Rxe4 31. Kf2 Kf7 32. Kf3 Re8 33. Rd5 Bc7 34. g4 h6
35. e4 b6 36. Bc1 Kg7 37. Bf4 Rd8 38. e5 1-0

[Event "5th Classic Open 2013"]
[Site "London ENG"]
[Date "2013.12.11"]
[Round "5.49"]
[White "Taylor, William J"]
[Black "Roberts, Paul"]
[Result "0-1"]
[BlackTitle "CM"]
[WhiteElo "2017"]
[BlackElo "2215"]
[WhiteFideId "423130"]
[BlackFideId "2400600"]
[EventDate "2013.12.07"]

1. e4 e6 2. d4 d5 3. Nd2 c5 4. Ngf3 cxd4 5. exd5 Qxd5 6. Bc4 Qd6 7. Qe2 Nf6 8.
Nb3 Nc6 9. Bb5 Bd7 10. Bxc6 Bxc6 11. Nbxd4 Be7 12. Bg5 Bxf3 13. Nxf3 O-O 14. O-O
Rfd8 15. Rfd1 Qc5 16. c4 a6 17. Be3 Qc7 18. Rac1 Rac8 19. g3 Rxd1+ 20. Qxd1 Ng4
21. Qe2 Nxe3 22. Qxe3 Rd8 23. a3 Bf6 24. b4 Qd7 25. c5 Qa4 26. Kg2 Bb2 27. Re1
h6 28. Qe4 Rd5 29. Qf4 Qc6 30. Qe3 g5 31. Qb3 Bf6 32. h3 h5 33. Qc4 Rd4 34. Qc1
g4 35. Qh6 Qxf3+ 0-1

[Event "5th Classic Open 2013"]
[Site "London ENG"]
[Date "2013.12.11"]
[Round "5.50"]
[White "McKerracher, Douglas"]
[Black "Moore, Gerald"]
[Result "0-1"]
[WhiteElo "2010"]
[BlackElo "2215"]
[WhiteFideId "2401002"]
[BlackFideId "403440"]
[EventDate "2013.12.07"]

1. e4 c6 2. d3 d5 3. Nd2 e5 4. Ngf3 Bd6 5. g3 Nf6 6. Bg2 O-O 7. O-O Re8 8. Re1
d4 9. h3 c5 10. Nf1 Nc6 11. g4 g6 12. Ng3 Kh8 13. Bg5 Be7 14. Bd2 Ng8 15. g5 f6
16. h4 Bg4 17. Qc1 Rf8 18. Nh2 Qd7 19. f3 Be6 20. Rf1 Rf7 21. Qe1 Raf8 22. a3
Qd8 23. Qc1 fxg5 24. hxg5 h6 25. gxh6 Bh4 26. Nh1 g5 27. Ng4 Bxg4 28. fxg4 Nxh6
29. Rxf7 Rxf7 30. Qd1 Qd7 31. Bh3 Nd8 32. Qe2 Ne6 33. Rf1 Nf4 34. Bxf4 gxf4 35.
Kh2 Qe7 36. Qf3 Qg5 37. Rg1 Rh7 38. c3 Nf7 39. Rc1 Bg3+ 40. Kg2 Qh4 0-1

[Event "5th Classic Open 2013"]
[Site "London ENG"]
[Date "2013.12.11"]
[Round "5.51"]
[White "Vachtfeidl, Petr"]
[Black "Jetzl, Joerg"]
[Result "0-1"]
[WhiteElo "1985"]
[BlackElo "2213"]
[WhiteFideId "315028"]
[BlackFideId "1601172"]
[EventDate "2013.12.07"]

1. e4 e6 2. d4 d5 3. Nc3 Nf6 4. e5 Nfd7 5. f4 c5 6. Nf3 Nc6 7. Be3 Be7 8. Qd2
O-O 9. Be2 b6 10. O-O Bb7 11. a3 Rc8 12. Bd3 f6 13. exf6 Bxf6 14. Qf2 cxd4 15.
Nxd4 Bxd4 16. Bxd4 e5 17. Be3 d4 0-1

[Event "5th Classic Open 2013"]
[Site "London ENG"]
[Date "2013.12.11"]
[Round "5.52"]
[White "Steil-Antoni, Fiona"]
[Black "Gschwendtner, Stanislav"]
[Result "1/2-1/2"]
[WhiteTitle "WIM"]
[WhiteElo "2190"]
[BlackElo "1999"]
[WhiteFideId "4001249"]
[BlackFideId "307297"]
[EventDate "2013.12.07"]

1. e4 c5 2. c3 g6 3. d4 cxd4 4. cxd4 d5 5. e5 Nh6 6. Nf3 Bg7 7. h3 f6 8. Bf4 O-O
9. Qd2 Nf7 10. exf6 exf6 11. Be2 Nc6 12. Nc3 Be6 13. O-O Nd6 14. Rfe1 Bf7 15.
Rad1 Ne4 1/2-1/2

[Event "5th Classic Open 2013"]
[Site "London ENG"]
[Date "2013.12.11"]
[Round "5.53"]
[White "Josse, Mark"]
[Black "Opasiak, Dustin Tennessee"]
[Result "1-0"]
[WhiteElo "2173"]
[BlackElo "1796"]
[WhiteFideId "414476"]
[BlackFideId "24630217"]
[EventDate "2013.12.07"]

1. d4 Nf6 2. c4 c5 3. d5 e5 4. Nc3 d6 5. e4 Be7 6. Bd3 O-O 7. h3 Ne8 8. Nf3 g6
9. g4 Ng7 10. Qe2 Na6 11. a3 Nc7 12. Bh6 Bd7 13. Rg1 Rb8 14. b4 Na6 15. b5 Nc7
16. a4 Nce8 17. a5 Kh8 18. a6 b6 19. O-O-O Nf6 20. Rg2 Ng8 21. Bd2 Ne8 22. Rdg1
Bf6 23. h4 Bg7 24. h5 h6 25. g5 hxg5 26. hxg6 f6 27. Nd1 Bh6 28. Ne3 Kg7 29.
Nf5+ Bxf5 30. exf5 Ne7 31. Rh1 Rh8 32. Rgh2 Ng8 33. Qe4 Qe7 34. Ne1 Rd8 35. Ng2
Rd7 36. Ne3 g4 37. Qxg4 Rc7 38. Kc2 1-0